Science Quiz

Random Science or Chemistry Quiz

Element Minus Symbol Quiz Stats

Quiz Updated Sep 10, 2016

Challenge
Share
Tweet
Embed
Score 0/36 Timer 06:00
7 Plays Today
Element - Symbol Element % Correct
xygenOxygen (O)
89.3%
ulfurSulfur (S)
89%
ydrogenHydrogen (H)
88.9%
arbonCarbon (C)
88.1%
ckelNickel (Ni)
88%
oronBoron (B)
86.4%
baltCobalt (Co)
86.2%
yptonKrypton (Kr)
86%
luorineFluorine (F)
85.3%
itrogeNitrogen (N)
84.9%
gonArgon (Ar)
84.7%
hoshorusPhosphorus (P)
84.4%
horineChlorine (Cl)
82.7%
omineBromine (Br)
82.7%
rylliumBeryllium (Be)
82.1%
agaeseManganese (Mn)
79.8%
smuthBismuth (Bi)
79.3%
renicArsenic (As)
78.2%
Element - Symbol Element % Correct
uminumAluminum (Al)
73.2%
ranimUranium (U)
69.6%
anesiuMagnesium (Mg)
68.5%
lybdenuMolybdenum (Mo)
65.9%
iconiumZirconium (Zr)
63.4%
eneleviuMendelevium (Md)
63%
odneIodine (I)
62%
nonXenon (Xe)
61.7%
homiumChromium (Cr)
60%
icZinc (Zn)
57.4%
adoRadon (Rn)
57.3%
ericiuAmericium (Am)
54.9%
lconSilicon (Si)
52.7%
thumLithium (Li)
49.5%
diumRadium (Ra)
46.3%
lainumPlatinum (Pt)
41.8%
amiumCadmium (Cd)
35.3%
anumTitanium (Ti)
17%

You're not logged in!

Compare scores with friends on all Sporcle quizzes.
Join for Free
OR
Log In

You Might Also Like...

Show Comments

Extras

Top Quizzes Today


Score Distribution

Your Account Isn't Verified!

In order to create a playlist on Sporcle, you need to verify the email address you used during registration. Go to your Sporcle Settings to finish the process.

Report this User

Report this user for behavior that violates our Community Guidelines.

Details: